000 00456nam a2200169Ia 4500
008 090124s9999 xx 000 0 und d
082 _b24670
100 _aकेळकर वा बा.
245 _a त्राटिका
250 _a0
300 _a114
600 _aकेळकर वा बा.
630 _a त्राटिका
700 _aकेळकर वा बा.
730 _a त्राटिका
942 _cBOOK
999 _c93172
_d93172